| 000 | 00521nam a2200181Ia 4500 | ||
|---|---|---|---|
| 001 | 25031 | ||
| 005 | 20260414151123.0 | ||
| 008 | 260414t2010||||xx |||||||||||||| ||spa|| | ||
| 041 | _aESP | ||
| 082 |
_a346.1 _bU61 |
||
| 110 | _aFacultad de Derecho de la Universidad Católica Santo Toribio de Mogrovejo | ||
| 245 | 0 |
_aLa persona en el derecho peruano : _b un análisis jurídico contemporáneo |
|
| 260 | _c2010 | ||
| 300 |
_a313 páginas : _c24 cm. |
||
| 650 | _aDER | ||
| 654 | _aCDE | ||
| 942 |
_cLIB _dJUS _fJUS _2ddc _n |
||
| 999 |
_c25031 _d25031 |
||